Statistieken voor Nederlandse ministers Rutte III

Klik hier om de quiz te nemen!

Algemene statistieken

  • Deze quiz is 46 keer genomen
  • De gemiddelde score is 12 van 22

Antwoordstatistieken

MinisterieMinisterPartij% Correct
Algemene zakenMark RutteVVD
94%
VVD
85%
CDA
82%
D66
82%
Volksgezondheid, Welzijn en SportHugo de JongeCDA
82%
Christen Unie
79%
FinancienWopke HoekstraCDA
79%
Buitenlandse Handel en OntwikkelingssamenwerkingSigrid KaagD66
73%
Justitie en VeiligheidFerdinand GrapperhausCDA
67%
Landbouw, Natuur en VoedselkwaliteitCarola SchoutenCU
58%
Niet belast met ministeriele zakenKajsa OllongrenD66
55%
Economische Zaken en KlimaatEric WiebesVVD
52%
Sociale Zaken en WerkgelegenheidWouter KoolmeesD66
52%
Basis- en Voortgezet Onderwijs en MediaArie SlobCU
48%
Buitenlandse ZakenStef BlokVVD
48%
DefensieAnk BijleveldCDA
45%
Medische ZorgBruno BruinsVVD
45%
Onderwijs, Cultuur en WetenschapIngrid van EngelshovenD66
36%
Infrastructuur en WaterstaatCora van NieuwenhuizenVVD
33%
RechtsbeschermingSander DekkerVVD
27%
Binnenlandse Zaken en KoninkrijksrelatiesRaymond KnopsCDA
12%
Milieu en WonenStientje van VeldhovenD66
12%

Scoreverdeling

Percentiel versus Aantal Correcte Antwoorden

Procent van Mensen met Elke Score

Uw Scoregeschiedenis

U heeft deze quiz nog niet genomen